000
00303nam a2200121Ia 4500
008
190216s9999||||xx |||||||||||||| ||und||
100
_a
Parmaeswaran &mnatarajan
245
0
_a
Indian Banking
260
_b
Mcgraw-Hill International Edition
_c
2001
300
_a
255p
650
_a
Commerce
942
_c
BK
999
_c
5970
_d
5970